000
00321nam a2200121Ia 4500
005
20251222141841.0
008
251222s9999||||xx |||||||||||||| ||spa||
082
_a
985.26/T12R
100
_a
Tacúnan Bonifacio, Santiago
245
0
_a
Breve Historieta de los Olivos Contada para Niños
264
_b
COPRODELI
942
_c
LIB
999
_c
7431
_d
7431